Statistics for Kangaroos and Wallabies of the World

Click here to take the quiz!

General Stats

  • This quiz has been taken 22 times
  • The average score is 12 of 68

Answer Stats

Scientific NameAnswer% Correct
Osphranter rufusRed Kangaroo
93%
Macropus giganteusEastern Grey Kangaroo
71%
Osphranter robustusCommon Wallaroo
64%
Macropus fuliginosusWestern Grey Kangaroo
64%
Setonix brachyurusQuokka
36%
Notamacropus rufogriseusRed-necked Wallaby
36%
Petrogale xanthopusYellow-footed Rock-wallaby
36%
Notamacropus agilisAgile Wallaby
29%
Dendrolagus goodfellowiGoodfellow's Tree-kangaroo
29%
Dendrolagus matschieiMatschie's Tree-kangaroo
29%
Wallabia bicolorSwamp Wallaby
29%
Osphranter bernadusBlack Wallaroo
21%
Dendrolagus mbaisoDingiso
21%
Onychogalea unguiferaNorthern Nail-tail Wallaby
21%
Notamacropus parmaParma Wallaby
21%
Thylogale stigmaticaRed-legged Pademelon
21%
Thylogale thetisRed-necked Pademelon
21%
Lagorchestes conspicillatusSpectacled Hare-wallaby
21%
Notamacropus eugeniiTammar Wallaby
21%
Osphranter antilopinusAntilopine Kangaroo
14%
Dendrolagus bennettianusBennett's Tree-kangaroo
14%
Notamacropus dorsalisBlack-striped Wallaby
14%
Dorcopsis muelleriBrown Dorcopsis
14%
Thylogale browniBrown's Pademelon
14%
Petrogale penicillataBrush-tailed Rock-wallaby
14%
Dendrolagus dorianusDoria's Tree-kangaroo
14%
Thylogale bruniiDusky Pademelon
14%
Petrogale godmaniGodman's Rock-wallaby
14%
Dorcopsis luctuosaGrey Dorcopsis
14%
Petrogale herbertiHerbert's Rock-wallaby
14%
Dendrolagus lumholtziLumholtz's Tree-kangaroo
14%
Dorcopsulus macleayiMacleay's Dorcopsis
14%
Petrogale mareebaMareeba Rock-wallaby
14%
Petrogale sharmaniMount Claro Rock-wallaby
14%
Notamacropus parryiPretty-faced Wallaby
14%
Petrogale rothschildiRothschild's Rock-wallaby
14%
Thylogale billardieriiTasmanian Pademelon
14%
Dendrolagus scottaeTenkile
14%
Dendrolagus ursinusUrsine Tree-kangaroo
14%
Notamacropus irmaWestern Brush Wallaby
14%
Dorcopsis hageniWhite-striped Dorcopsis
14%
Petrogale wilkinsiWilkins' Rock-wallaby
14%
Dendrolagus mayriWondiwoi Tree-kangaroo
14%
Petrogale assimilisAllied Rock-wallaby
7%
Lagostrophus fasciatusBanded Hare-wallaby
7%
Dorcopsis atrataBlack Dorcopsis
7%
Petrogale lateralisBlack-flanked Rock-wallaby
7%
Onychogalea fraenataBridled Nail-tail Wallaby
7%
Thylogale calabyiCalaby's Pademelon
7%
Petrogale coenensisCape York Rock-wallaby
7%
Onychogalea lunataCrescent Nail-tail Wallaby
7%
Lagorchestes leporidesEastern Hare-wallaby
7%
Dendrolagus pulcherrimusGolden-mantled Tree-kangaroo
7%
Dendrolagus inustusGrizzled Tree-kangaroo
7%
Dendrolagus hoseraeHoser's Tree-kangaroo
7%
Lagorchestes asomatusLake Mackay Hare-wallaby
7%
Dendrolagus spadixLowland's Tree-kangaroo
7%
Thylogale lanatusMountain Pademelon
7%
Petrogale concinnaNabarlek
7%
Petrogale persephoneProserpine Rock-wallaby
7%
Petrogale purpureicollisPurple-necked Rock-wallaby
7%
Lagorchestes hirsutusRufous Hare-wallaby
7%
Dendrolagus stellarumSeri's Tree-kangaroo
7%
Petrogale brachyotisShort-eared Rock-wallaby
7%
Dorcopsulus vanheurniSmall Dorcopsis
7%
Notamacropus greyiiToolache Wallaby
7%
Petrogale inornataUnadorned Rock-wallaby
7%
Petrogale burbidgeiMonjon
0%

Score Distribution

Percentile by Number Answered

Percent of People with Each Score

Your Score History

You have not taken this quiz